1 jeu de mots = 1 ville anglaise - Statistiques

Statistiques générales
  • Ce quiz a été pris 181 fois
  • Le résultat moyen est 4 sur 15
Statistiques - réponses
Jeux de mots Villes % Correct
Partie de la veste de Chester Manchester
60%
Un nouveau château pourtant presque millénaire Newcastle
58%
On préfère généralement la Nouvelle, notamment pour sa pomme. York
48%
Quel manque d'hygiène et de propreté! Sale
39%
Fils du couple Dursley (comment, on me demande une ville...?) Dudley
30%
Résidence hivernale des gallinacés Liverpool
28%
Une crème glacée et on y va, d'accord? Glasgow
24%
On y met une coueds, pour y piquer une ronfleds. Leeds
21%
Deadpool, mais en moins mortel Poole
21%
Chut! Je suis en train de lire! Un roman en anglais, qui plus est. Reading
15%
Opposant du camp des beloteurs Cambridge
10%
Quelle idée que de remplir un bus avec des arbres! Cardiff
9%
Je croyais que l'Oncle Abe était américain... Lincoln
9%
Fugitive beauté Belfast
7%
Hé! Cette ville est réservée aux enfants des cerfs! Edimbourg
5%
Aucun quiz correspondant
Distribution des résultats
% des personnes avec chaque résultat
Percentile par nombre de réponses
Votre historique - résultats
Vous n’avez pas pris ce quiz